Statistics for Provinces of Sierra Leone on a Map

Click here to take the quiz!

General Stats

  • This quiz has been taken 192 times
  • The average score is 5 of 5

Answers on the Map

Answers color-coded by a green-red scale on the quiz's map according to % correct below.
 

Answer Stats

Province% Correct
Western
98%
Northern
93%
Southern
93%
Eastern
92%
North West
79%

Score Distribution

Percentile by Number Answered

Percent of People with Each Score

Your Score History

You have not taken this quiz